Kézilabda sérülések rehabilitációja

Elmentve itt :
Bibliográfiai részletek
Szerző: Bere Nikolett Gyöngyi
További közreműködők: Gál Vera (Témavezető)
Dokumentumtípus: Szakdolgozat
Megjelent: 2012
Tárgyszavak:
Online Access:http://diploma.bibl.u-szeged.hu/92813
LEADER 00644nta a2200181 i 4500
001 dipl92813
005 20201021122838.0
008 201020s2012 hu om 0|| zxx d
040 |a SZTE Diploma Repozitórium  |b hun 
041 |a zxx 
100 1 |a Bere Nikolett Gyöngyi 
245 1 0 |a Kézilabda sérülések rehabilitációja  |h [elektronikus dokumentum] /  |c Nikolett Gyöngyi Bere 
260 |c 2012 
650 4 |a Orvos- és egészségtudományok 
650 4 |a Medical and health sciences 
650 4 |a Health sciences 
700 1 |a Gál Vera  |e ths 
856 4 0 |u http://diploma.bibl.u-szeged.hu/id/eprint/92813/1/2012_bere_nikolett_gyongyi.pdf  |z Dokumentum-elérés